000 00512nam a2200157 4500
001 108431
003 ES-MaACL
005 20230906184636.0
007 t|
008 061121s1930 sp r ||||1| spa d
100 1 _aMontero Gutiérrez, Eloy.
_982525
245 1 0 _aInstituciones de derecho canónico
_b: derecho canónico adminstrativo y penal: (libros III y V del código) /
_cEloy Montero Gutiérrez.
260 _aMadrid :
_bGóngora,
_c1930.
300 _aXI, 387 p. ;
_c20 cm.
852 _aES-MaACL
_jA-637
999 _c108431
_d108431